LIBRARY & INFORMATION CENTRE, KCAET, TAVANUR

ONLINE PUBLIC ACCESS CATALOGUE (OPAC)

Air pollution / (Record no. 2428)

MARC details
000 -LEADER
fixed length control field 00357cam a2200157ua 4500
003 - CONTROL NUMBER IDENTIFIER
control field OSt
008 - FIXED-LENGTH DATA ELEMENTS--GENERAL INFORMATION
fixed length control field 250823b |||||||| |||| 00| 0 eng d
041 ## - LANGUAGE CODE
Language code of text/sound track or separate title eng
082 ## - DEWEY DECIMAL CLASSIFICATION NUMBER
Classification number 628.53
Item number KUD/AI
100 ## - MAIN ENTRY--AUTHOR NAME
Personal name Kudesia, V.P .
245 ## - TITLE STATEMENT
Title Air pollution /
250 ## - EDITION STATEMENT
Edition statement 2 /
260 ## - PUBLICATION, DISTRIBUTION, ETC. (IMPRINT)
Place of publication :
Name of publisher Pragati Prakashan ,
Year of publication 1990.
300 ## - PHYSICAL DESCRIPTION
Number of Pages 671 ; .
942 ## - ADDED ENTRY ELEMENTS (KOHA)
Koha item type Books
Holdings
Withdrawn status Lost status Damaged status Home library Current library Date acquired Full call number Accession Number Koha item type
      KAUAET KAUAET 07/04/2012 628.53 KUD/AI 19738 Books
      KAUAET KAUAET 07/04/2012 628.53 KUD/AI 21727 Books
free website counter